Del racismo a la interculturalidad : Competencia de la educación /

Desde 1971, año denominado de Acción contra el Racismo y la Discriminación Racial por la ONU, hasta 1997, declarado Año Europeo contra el Racismo y la Xenofobia, la discriminación racial no ha ido disminuyendo, sino que, debido a múltiples causas económicas, políticas, sociales y religiosas, ha aume...

Descripción completa

Detalles Bibliográficos
Autor principal: García Martínez, Alfonso
Otros Autores: Sáez Carreras, Juan
Formato: Libro
Lenguaje:español
Publicado: Madrid Narcea 1998
Colección:Sociocultural
Materias:
Acceso en línea:

MARC

LEADER 00000cam a2200000 a 4500
001 014611
003 UAHC_CL
005 20170803121147.0
008 060818b1998 sp 000 spa
020 |a 842771243X 
040 |a UAHC_CL  |c UAHC_CL  |d UAHC_CL 
100 1 |a García Martínez, Alfonso 
245 1 0 |a Del racismo a la interculturalidad :  |b Competencia de la educación /  |c Alfonso García Martínez, Juan Sáez Carreras. 
260 |b Narcea  |a Madrid  |c 1998 
300 |a 253 p. 
490 0 |a Sociocultural 
520 |a Desde 1971, año denominado de Acción contra el Racismo y la Discriminación Racial por la ONU, hasta 1997, declarado Año Europeo contra el Racismo y la Xenofobia, la discriminación racial no ha ido disminuyendo, sino que, debido a múltiples causas económicas, políticas, sociales y religiosas, ha aumentado su intensidad, la variedad de sus expresiones y los terribles fenómenos a que da lugar.\¿Qué puede aportar la educación para contrarrestar u oponerse a este fenómeno? ¿Cómo puede promover la transformación social? La escuela debe ser una plataforma para el desarrollo de la intercul-turalidad, fomentando estrategias de aprendizaje que enseñen a los ciudadanos a leer el mundo desde diversas perspec-tivas, evitando el dogmatismo y la intolerancia. La Educación Intercul-tural se encarga de proponer un tipo de práctica escolar, en la que los educandos trabajan por mejorar las posibilidades reales de convivencia y de justicia social. 
650 4 |a EDUCACION MULTICULTURAL 
650 4 |a EDUCACION INTERCULTURAL 
650 4 |a DISCRIMINACION RACIAL  |x PREVENCION 
653 |a PEDAGOGIA EN EDUCACION BASICA 
658 |a Donoso, Patricio 
700 1 |a Sáez Carreras, Juan 
900 |a 370.196 GAR 
942 |c BK 
952 |0 0  |1 0  |4 0  |6 370_196000000000000_GAR  |7 0  |8 General  |9 29239  |a BC  |b BC  |c General  |d 2017-08-03  |o 370.196 GAR  |p 1355316  |r 2026-01-13 00:00:00  |t 1  |w 2017-08-03  |y BK 
952 |0 0  |1 0  |4 0  |6 370_196000000000000_GAR  |7 0  |8 General  |9 29240  |a BC  |b BC  |c General  |d 2017-08-03  |o 370.196 GAR  |p 1355317  |r 2026-01-13 00:00:00  |t 2  |w 2017-08-03  |y BK 
999 |c 14611  |d 14611